Γενική χρηματοοικονομική λογιστική
Αποθηκεύτηκε σε:
| Κύριος συγγραφέας: | |
|---|---|
| Άλλοι συγγραφείς: | , |
| Μορφή: | Βιβλίο |
| Γλώσσα: | Greek |
| Δημοσίευση: |
Αθήνα :
Rossili,
c2005
|
| Θέματα: | |
| Ετικέτες: |
Προσθήκη ετικέτας
Δεν υπάρχουν, Καταχωρήστε ετικέτα πρώτοι!
|
MARC
| LEADER | 00000cam a2200000 i 4500 | ||
|---|---|---|---|
| 001 | 1/5380 | ||
| 008 | 100308s2005 gre d | ||
| 020 | |a 960-7745-17-5 | ||
| 035 | |l 10107141 | ||
| 040 | |a GR-MY-UA |b gre |e aacr | ||
| 041 | 0 | |a gre | |
| 082 | 0 | |a 657.48 |2 (22) | |
| 100 | 1 | |a Γκίνογλου, Δημήτρης. | |
| 245 | 1 | 0 | |a Γενική χρηματοοικονομική λογιστική / |c Δημήτρης Γκίνογλου; Παναγιώτης Ταχυνάκης; Σαρίνα Μωυσή |
| 260 | |a Αθήνα : |b Rossili, |c c2005 | ||
| 300 | |a 653 σ.; |b διαγ., εικ., πίν., σχέδια; |c 24 εκ. | ||
| 504 | |a Βιβλιογραφία: σ. 649-653 | ||
| 650 | 0 | 0 | |a Accounting. |
| 700 | 1 | |a Ταχυνάκης, Παναγιώτης Δ. | |
| 700 | 1 | |a Μωυσή, Σαρίνα. | |
| 852 | |a INST |b CHIOS |e 20100308 |h 657.48 ΓΚΙ |p 005200029559 |q 005200029559 |t BK |y 0 | ||
| 852 | |a INST |b CHIOS |e 20100308 |h 657.48 ΓΚΙ |p 005200029560 |q 005200029560 |t BK |y 0 | ||
| 901 | |a BIBL2-2010-1 | ||
| 909 | |a Χ |b 148077 | ||
| 909 | |a Χ |b 148078 | ||
| 970 | |a ΣΑΛΑΜΟΥΡΑ |b ΜΑΡΙΑ |z 2010/03/08 | ||